| 000 | 00896cam a2200265 a 4500 | ||
|---|---|---|---|
| 001 | 16213714 | ||
| 005 | 20180124034143.0 | ||
| 008 | 100503s2011 caua b 001 0 eng | ||
| 010 | _a 2010018631 | ||
| 020 | _a9781412988797 (pbk.) | ||
| 020 | _a1412988799 (pbk.) | ||
| 035 | _a(OCoLC)ocn607976623 | ||
| 040 |
_aDLC _cDLC _dBTCTA _dYDXCP _dC#P _dBWX _dCDX _dDLC |
||
| 041 | _aeng | ||
| 080 | _a302 HUT | ||
| 082 | 0 | 0 |
_a302 HUT _222 |
| 100 | _a52 | ||
| 101 | _aBNJ | ||
| 245 | 0 | 0 |
_aDimensions of human behavior. _pPerson and environment / _c[authored by] Elizabeth D. Hutchison and contributing authors. |
| 246 | 3 | 0 | _aPerson and environment |
| 504 | _aIncludes bibliographical references and index. | ||
| 906 |
_a7 _bcbc _corignew _d1 _eecip _f20 _gy-gencatlg |
||
| 942 |
_2ddc _cBK |
||
| 999 |
_c40818 _d40818 |
||